000 00409nam a22001217a 4500
082 _a200 THE
100 _aSABEEN BASIT
_970558
245 _aTH-SOF-1049-SEGMENTATION OF CORONARY ARTERIES AND DETECTION OF STENOSIS FOR CT ANGIOGRAPHIC IMAGES
260 _aISLAMABAD
_bNUST COLLEGE OF EME
_c2014
650 _a MS-COMPUTER ENGINEERING-69 MSTHESIS
700 _aSUPERVISOR DR SHOAB A.KHAN
_969958
942 _cCF
999 _c577532
_d577532